00692nam a2200169 a 450000100100000000500170001000800410002704000250006810000250009324500290011826000620014730000210020949000450023083000520027595201780032799900170050500003526220200930074220.0111026s1967 ag 000 0 spa d aDO-SdBNPbspacBNPHU1 aKogan, Jacobo96101810aHusserl /cJacobo Kogan. aBuenos Aires :bCentro editor de América Latina,c1967. a125 p. ;c19 cm.1 aEnciclopedia del pensamiento esencialv4 0aEnciclopedia del pensamiento esencialn4961019 001050718MOaGRbGRcCTd2011-10-26iLF1l0o p35262-10r2020-06-25w2020-06-25y1zPerteneció a la biblioteca personal de Juan Isidro Jimenes Grullón.ZNo se presta c34753d34753